| 000 | 01415nas a2200361 c 4500 | ||
|---|---|---|---|
| 001 | 25615 | ||
| 003 | ES-MaCES | ||
| 005 | 20250410090521.0 | ||
| 007 | cr ||||||||||| | ||
| 008 | 970421u1996 fr m| | |fre d | ||
| 022 | 1 | _a1274-3356 | |
| 035 |
_aCES19980005960p _z10610 |
||
| 040 |
_aES-MaCES _bspa _cES-MaCES |
||
| 245 | 0 | 0 |
_aSociétal _b: l'analyse mensuelle des réalités économiques et sociales |
| 260 |
_aParis (7 Avenue de l'Opéra, 75001) _bSociété d'études et de documentation économiques industrielles et sociales _c[1996] |
||
| 300 |
_av. _c30 cm |
||
| 310 |
_aTrimestral _bdéc. 1998- |
||
| 321 |
_aMensual _b-août/sept. 1998 |
||
| 500 | _aDescripción basada en: nº 7 (avril 1997) | ||
| 500 | _aA partir del nº 23 (déc. 1998), cambio de periodicidad y de subtít.: l'analyse trimestrielle des réalités économiques et sociales | ||
| 541 | _cCompra | ||
| 592 | _aCancelada | ||
| 650 | 4 |
_asociedad _927269 |
|
| 650 | 4 |
_acondiciones sociales _930469 |
|
| 650 | 4 |
_acondiciones económicas _927081 |
|
| 653 | 1 | 0 | _aCiencias Sociales-Políticas |
| 710 | 2 |
_aSociété d'études et de documentation économiques industrielles et sociales (Paris) _eed. _95010 |
|
| 853 | 2 | 1 |
_bnº _iaño _jmes _vc _wq |
| 866 | 0 |
_a1997-2012. _zUbicación: DEPÓSITO - 10610 |
|
| 905 |
_1Boletín D _fP _kSÍ _nSocietal _p+ |
||
| 942 |
_2CES _cCR _h7.0. |
||
| 999 |
_c25615 _d25615 |
||